Peligro de gol: estudios sobre deporte y sociedad en América Latina /

Na minha lista:
Detalhes bibliográficos
Autor principal: Alabarces, Pablo
Outros Autores: comp
Formato: Texto
Publicado em: Buenos Aires: CLACSO. ASDI
Assuntos:
Tags: Adicionar Tag
Sem tags, seja o primeiro a adicionar uma tag!

MARC

LEADER 00000 a a2200000 04500
001 19232
003
040
090 |a 145501  
100 |a Alabarces, Pablo  
245 |a Peligro de gol: estudios sobre deporte y sociedad en América Latina /  |c Pablo Alabarces 
260 |a Buenos Aires:   |b CLACSO. ASDI  
300 |a 270 p  
500 |a Disponble en Cd, en No. 194110  
650 |a DEPORTES  
650 |a SOCIEDAD  
650 |a ESTUDIOS DE CASOS  
700 |a comp  
999 |c 11401  |d 11401